| 000 | 00903nam a22001937a 4500 | ||
|---|---|---|---|
| 999 |
_c63521 _d63521 |
||
| 003 | Ge_BSU | ||
| 005 | 20251023150416.0 | ||
| 008 | 251023s1960 ge ||||| |||| 00| 0 geo d | ||
| 041 | _ageo | ||
| 080 | _a336.14:353(47+57) კ-87 | ||
| 100 |
_aკუდრიაშოვი, რ. _926103 |
||
| 245 |
_aრაიონის ბიუჯეტის შედგენა და შესრულება / _cრ. კუდრიაშოვი, ლ. ჩუდინოვიჩი. |
||
| 264 |
_aთბილისი : _b საქ. სსრ მეცნ. აკად. გამ-ბა და სტ., _c1960. |
||
| 300 |
_a193 გვ. ; _b22 სმ. |
||
| 504 | _aბიბლიოგრ. შენიშვნებში. | ||
| 653 | _aრაიონის ბიუჯეტი | ||
| 700 |
_aჩუდინოვიჩი, ლ. _eავტორი _926104 |
||
| 942 |
_2udc _cᲬᲘᲒᲜᲘ |
||